01340nam a2200325 i 4500001001000000003000900010005001700019007000300036008004100039040003000080041000800110082002700118100004700145245005400192264005300246300004000299336002700339337003300366338002800399504003400427590002600461610006000487650004500547651006100592910003700653942001400690952013900704952015400843999001700997000038991DO-SdBNP20260427102659.0ta130510s1983 dr c 000 0 spa d aDO-SdBNPbspacBNPHUerda aspa 4a324.6097293bB988t222 aButten Varona, Nelson,eautor4aut.96523810aTemas electorales 1980-1982cNelson Butten Varona 1aSanto Domingo >bJunta Central Electoral,c1983. a144 páginas :bretratos ;c18 cm. atextobtxt2rdacontent asin mediaciónbn2rdamedia avolumenbnc2rdacarrier aBibliografía : página 144 aInventariado, 2026/BT10aRepública Dominicana.bJunta Central Electoral964605 4aEleccioneszRepública Dominicana92992 4aRepública DominicanaxPolítica y gobiernoy19619204 aValidado. Control de calidad MFF 2ddccLBS1 00102ddc51708PDaBNPHUbBNPHUcHDd2013-05-10l0oBNPHU PD 324.6097293 B988tp38991-10r2020-06-25w2020-06-25yLBS1ZNo se presta 00102ddc51708PDaBNPHUbBNPHUcHDd2026-04-27eDonaciónl0oBNPHU PD 324.6097293 B988tp2026-3216r2026-04-27te.2w2026-04-27yLBS1zDedicado. c38481d38481